Lab manual to accompany A+ guide to managing & maintaining your pc / (Record no. 48876)

MARC details
000 -LEADER
fixed length control field 00692nam a22002295a 4500
001 - CONTROL NUMBER
control field 17516359
003 - CONTROL NUMBER IDENTIFIER
control field 0
005 - DATE AND TIME OF LATEST TRANSACTION
control field 20170221124423.0
008 - FIXED-LENGTH DATA ELEMENTS--GENERAL INFORMATION
fixed length control field 121102s2013 nyu 000 0 eng
010 ## - LIBRARY OF CONGRESS CONTROL NUMBER
LC control number 2012953207
020 ## - INTERNATIONAL STANDARD BOOK NUMBER
International Standard Book Number 9781133135104
040 ## - CATALOGING SOURCE
Transcribing agency SPU
042 ## - AUTHENTICATION CODE
Authentication code pcc
050 ## - LIBRARY OF CONGRESS CALL NUMBER
Classification number TK 7887
Item number .A53 2014
100 1# - MAIN ENTRY--PERSONAL NAME
Personal name Andrews, Jean.
245 10 - TITLE STATEMENT
Title Lab manual to accompany A+ guide to managing & maintaining your pc /
Statement of responsibility, etc Jean Andrews, Joy Dark, Todd Verge; [edited by] Stephen Helba, Nick Lombardi, Marah Bellegarde.
250 ## - EDITION STATEMENT
Edition statement 8th Ed.
260 ## - PUBLICATION, DISTRIBUTION, ETC. (IMPRINT)
Place of publication, distribution, etc Clifton Park, NY :
Name of publisher, distributor, etc Course Technology, Cengage Learning,
Date of publication, distribution, etc 2014.
263 ## - PROJECTED PUBLICATION DATE
Projected publication date 1301
300 ## - PHYSICAL DESCRIPTION
Extent p. cm.
942 ## - ADDED ENTRY ELEMENTS (KOHA)
Source of classification or shelving scheme Library of Congress Classification
Koha item type Book
Holdings
Withdrawn status Lost status Source of classification or shelving scheme Damaged status Not for loan Collection code Home library Current library Shelving location Date acquired Source of acquisition Cost, normal purchase price Total Checkouts Total Renewals Full call number Barcode Date checked out Copy number Price effective from Koha item type
    Library of Congress Classification     Non-fiction Bishop Okullu Memorial Library (Limuru Campus) Bishop Okullu Memorial Library (Limuru Campus) General Circulation 21/02/2017 Donation-BFA 1000.00 2 1 TK 7887 .A53 2014 050996 17/01/2019 1 21/02/2017 Book